000 00433nam a2200169Ia 4500
003 GCL
008 140319s9999 xx 000 0 ara d
040 _aGCL /
_cGCL
082 0 4 _a301.242
_bع ق
245 1 0 _aقصة الملكية فى العالم
300 _a154 ص
490 _a
650 0 4 _aالملكية
650 0 4 _aالبناء الاجتماعى
650 0 4 _aالملكية فى الاسلام
942 _2ddc
_cBK
999 _c43007
_d43007